| 000 | 01110nam a22003017a 4500 | ||
|---|---|---|---|
| 005 | 20170511141818.0 | ||
| 010 | _a1617EN EN-116902 | ||
| 020 |
_a9788126552566 _c829.00 |
||
| 035 | _aB-653789-795 | ||
| 035 | _a1617EN | ||
| 035 | _aEN-100434 | ||
| 035 | _aB-665164 | ||
| 037 | _bABC | ||
| 037 | _bDBAD/PUB | ||
| 082 | _a530 | ||
| 100 | _aWalker, Jearl | ||
| 245 |
_aHalliday & Resnick principles of physics / _cby Jearl Walker |
||
| 246 | _aFundamentals of physics | ||
| 250 | _a10th ed | ||
| 260 |
_c2016 _aNew Delhi _bJohn Wiley |
||
| 270 |
_a4435-36/7, Ansari Road,Daryaganj _bNew Delhi _e110002 |
||
| 300 |
_c25cm(pbk) _a1244p. _bill. |
||
| 500 | _aIncludes index | ||
| 650 |
_a Physics _vTextbooks. |
||
| 942 |
_cEN _2ddc _mWAL _h530 |
||
| 999 |
_c101818 _d101818 |
||